000 00998nam a2200253Ia 4500
003 OSt
005 20221005112122.0
006 a|||||r|||| 00| 0
007 ta
008 221004b |||||||| |||| 00| 0 pan d
020 _a8172055293 (hbk)
_cINR 200.00
024 _a33404
037 _b790, 27/02/2017, H.K. Prakashan
_cTextual
040 _aCRL
_cCRL
_bpan
041 _2pan
_apan
082 _aV243:594wN13, 153Q5
100 _aਕਾਹਲੋ੍ਵ, ਕੁਲਦੀਪ ਸਿੰਘ, ਂਚ.
245 0 _aਪੰਜਾਬ ਤੇ ਕFਮੀਬ ਦਾ ਰਾਖਾ ਜਨਰਲ ਹਰਬ॥F ਸਿੰਘ
260 _aਅਮ੍ਰਿਤਸਰ
_bਸਿੰਘ ਬ੍ਰਦਰਗ਼ ਭਾਰਤ
_c2015
300 _a168ਪ੍ਰ0
_ccm.
650 _a ਹਰਬ॥F ਸਿੰਘ
_9624281
942 _hV243:594wN13, 153Q5
_cTEXL
_2cc
999 _c1023876
_d1023876